000 00539nam a2200157 4500
999 _c17064
_d17064
008 220602b ||||| |||| 00| 0 eng d
022 _a0732-8435
082 _aDPer 657.05 C33 Sept - Dec 2012, v. 82 n. 9 - 12
100 _aAnders, Susan B.
_942727
245 _aWebsite of the month:
_badvisorone/
_cSusan B. Anders.
260 _aNew York:
_bThe New York State Society of CPA,
_c©2012.
300 _av82 n9, pages 72-73:
_bcolor illustrations;
_c28 cm.
500 _aThe CPA Journal.
650 _aWeb sites.
_913060
942 _2ddc
_cPER